LEADER 00931nam0-22003131i-450 001 990001462420403321 005 20190527145948.0 035 $a000146242 035 $aFED01000146242 035 $a(Aleph)000146242FED01 035 $a000146242 100 $a20000920d1960----km-y0itay50------ba 101 0 $aeng 102 $aNL 105 $aa---a---001yy 200 1 $aEcological studies on rain forest in Northern Suriname$fJ. P. Schulz 210 $aAmsterdam$cNoord-Hollandsche Uitgevers Maatschappij$d1960 215 $a267 p.$cill.$d28 cm 610 0 $aSelvicoltura 610 0 $aEcologia$aForesta pluviale 676 $a577.34$v23$zita 700 1$aSchulz,$bJ. P.$0764618 801 0$aIT$bUNINA$gREICAT$2UNIMARC 901 $aBK 912 $a990001462420403321 952 $aBSF 577.34 SCU 1$b10922$fSC1 959 $aSC1 996 $aEcological studies on rain forest in Northern Suriname$91552858 997 $aUNINA LEADER 01265nam 2200385 450 001 996279890503316 005 20230803043432.0 035 $a(CKB)4340000000004368 035 $a(WaSeSS)IndRDA00119777 035 $a(EXLCZ)994340000000004368 100 $a20200309d2013 uy 0 101 0 $aeng 135 $aur||||||||||| 181 $ctxt$2rdacontent 182 $cc$2rdamedia 183 $acr$2rdacarrier 200 10$a2013 Transducers & Eurosensors XXVII $eThe 17th international conference on solid-state sensors, Actuators and Microsystems : 16-20 June 2013, Barcelona, Spain /$fIEEE Electron Devices Society 210 1$aPiscataway, New Jersey :$cInstitute of Electrical and Electronics Engineers,$d2013. 215 $a1 online resource (65 pages) 311 $a1-4673-5983-1 311 $a1-4673-5982-3 606 $aDetectors$vCongresses 606 $aActuators$vCongresses 606 $aTransducers$vCongresses 615 0$aDetectors 615 0$aActuators 615 0$aTransducers 676 $a681.2 712 02$aIEEE Electron Devices Society, 801 0$bWaSeSS 801 1$bWaSeSS 906 $aPROCEEDING 912 $a996279890503316 996 $a2013 Transducers & Eurosensors XXVII$92534816 997 $aUNISA